00793cam a2200205 a 450000100100000000500170001000800410002704000230006808200200009110000340011124501080014526000480025330000280030165000280032965000290035765000290038691000340041595201230044999900150057200000764420200929154238.0830225s1980 cl a j 001 0dspa  aDO-SdBNPcDLCdDLC aCh863.44bM971a1 aMuñoz, Diego,d1978-92120410aAventuras en los mares de Chile :bdesde Hernando de Magallanes hasta Robinson Crusoe /cDiego Muñoz. aSantiago de Chile :bUniversitaria,cc1980. a107 p. :bil. ;c19 cm. 4aCuentos chilenos914649 4aLiteratura chilena93164 4aLiteratura juvenil99038 aCatalogación por copia / LC 001052708MOaGRbGRcCTd2009-09-09iLF1l0oCh863.44 M971ap7644-10r2020-06-25w2020-06-25y2ZPréstamo interno c7424d7424